El mercado de valores en Mx̌ico

Bibliographic Details
Main Author: Da̕z Tinoco, Jaime
Format: eBook
Language:Spanish
Published: Mx̌ico DF: Nostra Ediciones, 2009
Subjects:
Online Access:Acceso restringido

MARC

LEADER 00000nam a22000007a 4500
005 20170530221353.0
007 cr|||| ||||
008 170530s2009 mx |||||s|||| 00||0 spa d
020 |a 978-607-7603-11-5 
035 |a 20300 
040 |a vLex 
090 |c 6729  |d 6729 
100 1 |a Da̕z Tinoco, Jaime 
245 1 2 |a El mercado de valores en Mx̌ico  |h [Recurso electrn̤ico] /  |c Jaime Da̕z Tinoco 
256 |a Servicio en ln̕ea 
260 |a Mx̌ico DF:  |b Nostra Ediciones,  |c 2009 
300 |a 1 recurso electrn̤ico 
500 |a En esta obra se explican, de manera clara y amena, el intercambio de activos financieros y los distintos rubros que conforman la compra-venta de tt̕ulos, as ̕como el funcionamiento de la bolsa de valores y su importancia en la economa̕ nacional. 
506 1 |a Disponible solo en los productos indicados  |d vLex Global  |d vLex Global (Academic Edition, excluding Law Schools)  |d vLex Global (U.S. Academic Edition, Law Schools)  |d vLex Global (U.S. Academic Edition, excluding Law Schools)  |d vLex Global (Academic Edition, Law Schools) 
650 0 4 |a Derecho Mercantil y de la Empresa  |z Mx̌ico 
740 0 |a vLex Libros (Servicio en ln̕ea) 
856 4 0 |u http://vlex.com/source/mercado-de-valores-en-mexico-20300  |z Acceso restringido 
942 |c BOOK 
999 0 |a Commercial and Company Law